Las Elecciones en Bolivia
সংরক্ষণ করুন:
| বিন্যাস: | পাঠ্য |
|---|---|
| বিষয়গুলি: | |
| ট্যাগগুলো: |
ট্যাগ যুক্ত করুন
কোনো ট্যাগ নেই, প্রথমজন হিসাবে ট্যাগ করুন!
|
MARC
| LEADER | 00000 a a2200000 04500 | ||
|---|---|---|---|
| 001 | 17945 | ||
| 003 | |||
| 040 | |||
| 245 | |a Las Elecciones en Bolivia | ||
| 650 | |a ELECCIONES | ||
| 650 | |a PARTIDOS POLITICOS | ||
| 650 | |a BOLIVIA | ||
| 773 | |g volumen 4, número 26; (1980) páginas 299 | ||
| 999 | |c 29392 |d 29392 | ||
| 773 | 0 | |0 42391 |9 3692 |a Agencia Latinoamericana de Información, ALAI |d Quito, Ecuador: ALAI |o 04420 |t ALAI: |x 08275564 (Servicio mensual de información y documentación) | |
